000 01138nam a22003377a 4500
001 BR0202245
003 BR-BrBNA
005 20230928101052.0
007 ta
008 230509b bl.||||| |||| 00| 0 por d
040 _aBR-BrBNA
_bpor
_cBiblioteca Nacional de Agricultura
041 _a(Por)
072 _aL52; L01
_b5217
090 _ 5217 BR0202245
100 1 _aCarvalho, G.M.C.
110 1 _aUniversidade Federal de Minas Gerais, Belo Horizonte (Brasil). Escola de Veterinária
_0Tese (Mestrado)
245 1 _aAvaliação do desenvolvimento ponderal, da espessura de gordura subcutânea e área de olho de lombo (Longissimus dorsi)de búfalos da raça Mediterrâneo (Bubalus bubalis)por ultra-sonografia
260 3 _aBelo Horizonte, MG (Brasil):
_c2000.
300 _a45 p.
500 _aSummaries (Eng, Por); Bibliography p. 41-45; 26 tables; 7 illus.
650 _aBÚFALO
650 _aCRESCIMENTO
650 _aGANHO DE PESO
650 _aPESO AO NASCER
650 _aIDADE
650 _aCARCAÇA
650 _aMÚSCULO
650 _aVETERINÁRIA
909 _a202309
_bLucia
_c55
_dLucia Elande
942 _cBK
999 _c64112
_d64112